Zarzadzanie cenami
Gespeichert in:
| 1. Verfasser: | |
|---|---|
| Weitere Verfasser: | |
| Format: | Buch |
| Sprache: | Polnisch |
| Veröffentlicht: |
Warszawa
Wydawnictwo Naukowe PWN
1996
|
| Schriftenreihe: | Przedsiebiorczosc
|
| Schlagworte: | |
| Tags: |
Keine Tags, Fügen Sie das erste Tag hinzu!
|
MARC
| LEADER | 00000nam a2200000 4500 | ||
|---|---|---|---|
| 001 | c122046 | ||
| 005 | 20230220124244.3 | ||
| 020 | |a 83-01-12063-0 | ||
| 041 | 0 | |a pol | |
| 044 | |a PL | ||
| 245 | 1 | 0 | |a Zarzadzanie cenami |c Hermann Simon ; Redaktor naukowy przekladu Bogdan Gregor |
| 264 | 1 | |a Warszawa |b Wydawnictwo Naukowe PWN |c 1996 | |
| 300 | |a 644 s. | ||
| 490 | 1 | |a Przedsiebiorczosc | |
| 830 | 0 | |a Przedsiebiorczosc | |
| 610 | 2 | 0 | |a ceny |
| 610 | 2 | 0 | |a riadenie |
| 610 | 2 | 0 | |a odbyt |
| 610 | 2 | 0 | |a monopoly |
| 610 | 2 | 0 | |a oligopoly |
| 610 | 2 | 0 | |a segmentácia trhu |
| 610 | 2 | 0 | |a marketing mix |
| 610 | 2 | 0 | |a politika cenová |
| 100 | 1 | |a Simon, Hermann | |
| 700 | 1 | |a Gregor, Bogdan | |